| 000 | 00751nam a2200217 4500 | ||
|---|---|---|---|
| 001 | 136474 | ||
| 003 | ES-MaACL | ||
| 005 | 20260411164323.0 | ||
| 007 | t| | ||
| 008 | 070214s1978 sp r ||||1| spa d | ||
| 100 | 1 |
_aRussell, Bertrand, _d1872-1970 _9101033 |
|
| 245 | 1 | 0 |
_aDebate sobre la existencia de Dios / _cBertrand Russell, Frederick C. Copleston ; presentación y traducción de Carmen García Trevijano. |
| 260 |
_aValencia : _bRevistas Teorema, _c1978. |
||
| 300 |
_a50 p. ; _c19 cm. |
||
| 490 | 1 | _aCuadernos Teorema | |
| 700 | 0 |
_aCopleston, Frederick C. _940414 |
|
| 700 | 1 |
_aGarcía Trevijano, Carmen. _955342 |
|
| 830 | 0 |
_aCuadernos Teorema _9180999 |
|
| 852 |
_aES-MaACL _j2097-F-16 _bR.98587 |
||
| 999 |
_c136474 _d136474 |
||